| 000 | 00432cam a22001337a 4500 | ||
|---|---|---|---|
| 008 | 180718b1971 xxu||||| |||| 00| 0 eng d | ||
| 082 | _aL1 In2 | ||
| 100 | _aHeckscher, Gunnar | ||
| 245 |
_aBudget as an instrument of administrative efficiency _cBy Gunnar Heckscher |
||
| 260 |
_aDelhi _bIndian Institute of Public Administration _c1971 |
||
| 300 | _a52p. | ||
| 650 | _aBudgeting | ||
| 700 | _aIndian Institute of Public Administration | ||
| 999 |
_c475680 _d475680 |
||